Statistics for Railway Stations in Dorset (UK)

Click here to take the quiz!

General Stats

  • This quiz has been taken 5 times
  • The average score is 15 of 21

Answer Stats

Answer% Correct
Bournemouth
100%
Dorchester South
100%
Dorchester West
100%
Poole
100%
Upwey
100%
Weymouth
100%
Gillingham
80%
Maiden Newton
80%
Sherborne
80%
Wareham
80%
Wool
80%
Branksome
60%
Chetnole
60%
Christchurch
60%
Pokesdown
60%
Hamworthy
40%
Holton Heath
40%
Moreton
40%
Parkstone
40%
Thornford
40%
Yetminster
40%

Score Distribution

Percentile by Number Answered

Percent of People with Each Score

Your Score History

You have not taken this quiz